000 00196 a2200097 4500
020 _a9780451219039
041 _aeng
100 _aByerrum, Ellen
245 _aRaiders Of The Lost Corset
942 _cBK
999 _c5787
_d5787